000 00571pam a2200181 a 4500
020 _a0898623170 (acidfree paper)
040 _cDLC
082 0 0 _a346 GUI 1992 A019 Or.
_a347.30634
245 0 0 _aReforming libel law /
260 _aNew York :
_bGuilford Press,
_cc1992.
300 _axiii, 380 p. ;
_c24 cm.
650 0 _aLibel and slander
700 1 _aSoloski, John,
700 1 _aBezanson, Randall P.
856 4 2 _uhttp://www.loc.gov/catdir/bios/guilford051/92005660.html
856 4 2 _uhttp://www.loc.gov/catdir/description/guilford051/92005660.html
942 _cEK
999 _c12385
_d12385